000 01034nam a22002777a 4500
999 _c65035
_d65035
005 20240530110803.0
008 190115s2018 ua a g b 000 0 ara d
017 _a2018/1916
_bمصر. دار الكتب
020 _a9789777221191
040 _aEG-CaGPL
_cEG-CaGPL
082 0 4 _221
_a302.234 \
_bهـ إ
100 1 _aهارتلى ، جون
245 1 0 _aاعلام جديد تكنولوجيا جديدة /
_cتأليف جون هارتلى ؛ ترجمة هدى عمر السباعى
250 _aط.1
260 _aالقاهرة :
_bالمجموعة العربية للتدريب و النشر،
_c 2018 .
300 _a249 ص. ؛
_c24 سم.
504 _aيشتمل على ارجاعات ببليوجرافية
650 0 7 _2qrmak
_aالاعلام
650 0 7 _aالانترنت
650 0 7 _aالعلامات التجارية
650 0 7 _aوسائل الاعلام
651 _2qrmak
700 0 _aهدى عمر السباعى
_eمترجم
942 _2ddc
_cBK